| 000 | 01443nam0a2200289 4500 | ||
|---|---|---|---|
| 001 | RU\NLR\bibl\403974 | ||
| 005 | 20260407114149.0 | ||
| 035 | _a(NLR Aleph) 000398109 | ||
| 090 |
_a557837 _c557837 |
||
| 100 | _a20030530d2000 |||y0rusy50 ca | ||
| 101 | 0 | _arus | |
| 102 | _aRU | ||
| 105 | _aa ||||||||| | ||
| 200 | 1 |
_aРеабилитация детей с туберкулезным спондилитом _eПособие для врачей _fМ-во здравоохранения Рос. Федерации, С.-Петерб. НИИ фтизиопульмонологии _g[Сост. к.м.н. Мушкиным А.Ю. и др.] |
|
| 210 |
_aСПб. _cБ.и. _d2000 |
||
| 215 |
_a27 с. _cил. _d20 |
||
| 320 | _aБиблиогр.: с. 27 (3 назв.) | ||
| 606 | 0 |
_aТуберкулезный спондилит у детей _jМетодические пособия _xРеабилитация _92292157 _3RU\NLR\auth\661372716 |
|
| 606 | 0 |
_aТуберкулезный спондилит детей _jМетодические пособия _xРеабилитация _92292235 _3RU\NLR\auth\661372755 |
|
| 686 | _aР733.543.418.15-5я8 | ||
| 702 | 1 |
_aМушкин _bА. Ю. _4220 |
|
| 712 | 0 | 2 |
_4570 _aСанкт-Петербургский НИИ фтизиопульмонологии _3RU\NLR\AUTH\889946450 _9388481 |
| 801 | 0 |
_aRU _bNLR _c20030530 _gPSBO |
|
| 801 | 1 |
_aRU _bNLR _c20030530 |
|
| 942 | _cBOOK | ||
| 980 | _aNB | ||